Pays et capitales à l'aveugle - Statistiques

Statistiques générales
  • Ce quiz a été pris 1 773 fois
  • Le résultat moyen est 236 sur 395
Statistiques - réponses
Réponse % Correct
Paris
87%
France
86%
Madrid
79%
Espagne
78%
États-Unis
78%
Allemagne
76%
Canada
76%
Belgique
75%
Berlin
75%
Italie
75%
Lisbonne
75%
Londres
75%
Portugal
75%
Royaume-Uni
75%
Washington
75%
Alger
74%
Maroc
74%
Mexico
74%
Mexique
74%
Ottawa
74%
Rome
74%
Russie
74%
Bruxelles
73%
Dublin
73%
Irlande
73%
Luxembourg
73%
Suède
73%
Tunis
73%
Vienne
73%
Brésil
72%
Finlande
72%
Islande
72%
Japon
72%
Moscou
72%
Norvège
72%
Suisse
72%
Algérie
71%
Amsterdam
71%
Argentine
71%
Australie
71%
Brasilia
71%
Chine
71%
Pays-Bas
71%
Pologne
71%
Tokyo
71%
Andorre
70%
Berne
70%
Chili
70%
Danemark
70%
Estonie
70%
Inde
70%
Oslo
70%
Corée du Sud
69%
Égypte
69%
Grèce
69%
Hongrie
69%
Lettonie
69%
Lituanie
69%
Monaco
69%
Pékin
69%
Rabat
69%
Roumanie
69%
Stockholm
69%
Tunisie
69%
Vatican
69%
Athènes
68%
Autriche
68%
Budapest
68%
Buenos Aires
68%
Colombie
68%
Copenhague
68%
Corée du Nord
68%
Cuba
68%
Helsinki
68%
Iran
68%
Le Caire
68%
Pérou
68%
République Démocratique du Congo
68%
République du Congo
68%
Saint-Marin
68%
Uruguay
68%
Varsovie
68%
Bolivie
67%
Bucarest
67%
Canberra
67%
Croatie
67%
Équateur
67%
Guinée
67%
Indonésie
67%
Kiev
67%
Malte
67%
Nouvelle-Zélande
67%
Paraguay
67%
Turquie
67%
Ukraine
67%
Afrique du sud
66%
Albanie
66%
Biélorussie
66%
Bulgarie
66%
Guatemala
66%
Honduras
66%
Irak
66%
Israël
66%
Jamaïque
66%
Le Cap
66%
Liechtenstein
66%
Lima
66%
Pakistan
66%
Panama
66%
Séoul
66%
Slovénie
66%
Arabie Saoudite
65%
Chypre
65%
Dacca
65%
Kazakhstan
65%
Kosovo
65%
Liban
65%
Macédoine du Nord
65%
Monténégro
65%
New Delhi
65%
Niger
65%
Ouzbékistan
65%
République Tchèque
65%
Reykjavik
65%
Sénégal
65%
Serbie
65%
Slovaquie
65%
Sofia
65%
Thaïlande
65%
Venezuela
65%
Viêt Nam
65%
Ankara
64%
Bogotá
64%
Bosnie-Herzégovine
64%
Costa Rica
64%
Afghanistan
64%
Guyana
64%
Kenya
64%
Laos
64%
Madagascar
64%
Malaisie
64%
Mali
64%
Mongolie
64%
Oman
64%
Soudan
64%
Suriname
64%
Syrie
64%
Togo
64%
Yémen
64%
Andorre-la- Vieille
63%
Belize
63%
Émirats Arabes Unis
63%
Géorgie
63%
Haïti
63%
Jakarta
63%
Jérusalem
63%
Jordanie
63%
Libye
63%
Moldavie
63%
Nicaragua
63%
Nigeria
63%
Qatar
63%
Riga
63%
Sainte-Lucie
63%
Santiago
63%
Singapour
63%
Turkménistan
63%
Zambie
63%
Angola
62%
Arménie
62%
Cambodge
62%
Cameroun
62%
Côte d'Ivoire
62%
Djibouti
62%
Éthiopie
62%
Guinée-Bissau
62%
Guinée Équatoriale
62%
Kirghizistan
62%
La Havane
62%
La Valette
62%
Mauritanie
62%
Minsk
62%
Prague
62%
République Dominicaine
62%
Salvador
62%
Somalie
62%
Soudan du Sud
62%
Tanzanie
62%
Zagreb
62%
Zimbabwe
62%
Azerbaïdjan
61%
Bahamas
61%
Bangkok
61%
Bangladesh
61%
Bénin
61%
Comores
61%
Dominique
61%
Érythrée
61%
Ghana
61%
Koweït
61%
Montevideo
61%
Papouasie-Nouvelle- Guinée
61%
Philippines
61%
République Centrafricaine
61%
Saint-Vincent-et-les- Grenadines
61%
Tadjikistan
61%
Tallinn
61%
Tchad
61%
Téhéran
61%
Tonga
61%
Bagdad
60%
Belgrade
60%
Beyrouth
60%
Birmanie
60%
Brunei
60%
Cap-Vert
60%
Fidji
60%
Lesotho
60%
Népal
60%
Seychelles
60%
Sri Lanka
60%
Trinité-et-Tobago
60%
Vilnius
60%
Bahreïn
59%
Burkina Faso
59%
Caracas
59%
États Fédérés de Micronésie
59%
Gabon
59%
Gambie
59%
Kingston
59%
Kingstown
59%
Ljubljana
59%
Mozambique
59%
Namibie
59%
Pyongyang
59%
Rwanda
59%
Saint-Christophe- et-Niévès
59%
Samoa
59%
Sao Tomé
59%
Sao Tomé-et-Principe
59%
Sarajevo
59%
Taïwan
59%
Vanuatu
59%
Wellington
59%
Barbade
58%
Bratislava
58%
Damas
58%
Eswatini
58%
Îles Marshall
58%
Îles Salomon
58%
Kaboul
58%
Liberia
58%
Maldives
58%
Maurice
58%
Ouganda
58%
Riyad
58%
Sierra Leone
58%
Tirana
58%
Abou Dabi
57%
Botswana
57%
Brazzaville
57%
Burundi
57%
Doha
57%
Grenade
57%
Hanoï
57%
Kinshasa
57%
Kuala Lumpur
57%
Nauru
57%
Oulan-Bator
57%
Quito
57%
Timor Oriental
57%
Tuvalu
57%
Antigua-et-Barbuda
56%
Bhoutan
56%
Dakar
56%
Islamabad
56%
Kiribati
56%
Manille
56%
Palaos
56%
Skopje
56%
Tripoli
56%
Vaduz
56%
Antananarivo
55%
Bamako
55%
Chișinău
55%
Malawi
55%
Nairobi
55%
Nicosie
55%
Port-au-Prince
55%
Bakou
54%
San Salvador
54%
Podgorica
53%
Pristina
53%
Tbilissi
53%
Asunción
52%
Erevan
52%
San José
52%
Taipei
52%
Astana
51%
Bissau
51%
Katmandou
51%
Sanaa
51%
Amman
50%
Belmopan
50%
Freetown
50%
Georgetown
50%
La Paz
50%
Libreville
50%
Nassau
50%
Ouagadougou
50%
Saint-Domingue
50%
Tegucigalpa
50%
Yaoundé
50%
Accra
49%
Addis-Abeba
49%
Conakry
49%
Lomé
49%
Phnom Penh
49%
Vientiane
49%
Yamoussoukro
49%
Malé
48%
Managua
48%
Mascate
48%
Tachkent
48%
Bichkek
47%
Khartoum
47%
Luanda
47%
Victoria
47%
Mogadiscio
46%
Paramaribo
46%
Port-d'Espagne
46%
Sucre
46%
Bangui
45%
Dili
45%
Dodoma
45%
Kigali
45%
Manama
45%
Ndjamena
45%
Niamey
45%
Nouakchott
45%
Port-Louis
45%
Port Moresby
45%
Abuja
44%
Achgabat
44%
Castries
44%
Douchanbé
44%
Harare
44%
Lusaka
44%
Maputo
44%
Porto-Novo
44%
Roseau
44%
Saint John's
44%
Suva
44%
Windhoek
44%
Bandar Seri Begawan
43%
Bridgetown
43%
Funafuti
43%
Moroni
43%
Praia
43%
Saint George's
43%
Asmara
42%
Banjul
42%
Basseterre
42%
Djouba
42%
Gaborone
42%
Kampala
42%
Mbabane
42%
Monrovia
42%
Naypyidaw
42%
Port-Vila
42%
Sri Jayawardenapura Kotte
42%
Apia
41%
Thimphou
41%
Pretoria
40%
Gitega
40%
Lilongwe
40%
Malabo
40%
Maseru
40%
Ngerulmud
39%
Nukuʻalofa
39%
Palikir
39%
Yaren
39%
Honiara
38%
Majuro
38%
Tarawa-Sud
38%
Bloemfontein
23%
Aucun quiz correspondant
Distribution des résultats
% des personnes avec chaque résultat
Percentile par nombre de réponses
Votre historique - résultats
Vous n’avez pas pris ce quiz